[Event "Harvest"]
[Site "Kelowna CAN"]
[Date "2001.10.20"]
[Round "3"]
[White "Bishop, Greg"]
[Black "Phonchiangkwong, Sumon Chai"]
[Result "0-1"]
[WhiteElo "1772"]
[BlackElo "1462"]
[PlyCount "116"]
[GameId "2160767911485022"]
[EventDate "2001.10.20"]
[EventType "swiss"]
[EventRounds "5"]
[EventCountry "CAN"]
[SourceTitle "EXT 2022"]
[Source "ChessBase"]
[SourceDate "2021.10.06"]
[SourceVersion "1"]
[SourceVersionDate "2021.10.06"]
[SourceQuality "1"]

1. d4 d5 2. Bg5 Bf5 3. e3 Nf6 4. Nf3 e6 5. c4 Be7 6. Bxf6 Bxf6 7. Qb3 b6 8. Nc3 dxc4 9. Bxc4 O-O 10. h3 Nc6 11. Rd1 Na5 12. Qa4 c6 13. Bd3 b5 14. Qc2 Bxd3 15. Rxd3 Nc4 16. O-O Nd6 17. Re1 b4 18. Na4 Rc8 19. Nc5 a5 20. e4 Nb5 21. e5 Be7 22. Re4 Bxc5 23. dxc5 Qe7 24. Rg4 Nc7 25. Ng5 g6 26. h4 Nd5 27. Ne4 f5 28. exf6 Nxf6 29. Nxf6+ Rxf6 30. h5 Kg7 31. Rdg3 Rcf8 32. hxg6 h6 33. f3 Rf5 34. Rc4 Qc7 35. Rgg4 h5 36. Rge4 Qg3 37. f4 Qxg6 38. Qe2 R8f6 39. Qf3 Rd5 40. Kh2 Rd2 41. Re2 Rd3 42. Re3 Rxe3 43. Qxe3 Qg4 44. Qg3 Rg6 45. Qxg4 Rxg4 46. g3 h4 47. gxh4 Rxh4+ 48. Kg2 Rg4+ 49. Kf3 Rg1 50. a3 b3 51. Re4 Kf6 52. Ra4 Rb1 53. Rxa5 Rxb2 54. Ke3 Re2+ 55. Kxe2 b2 56. Ra4 b1=Q 57. Kd2 Qb2+ 58. Ke3 Qb3+ 0-1

[Event "Harvest"]
[Site "Kelowna CAN"]
[Date "2001.10.20"]
[Round "3"]
[White "Demers, Darwin"]
[Black "Cody, Philip C"]
[Result "1-0"]
[WhiteElo "1596"]
[BlackElo "1613"]
[PlyCount "89"]
[GameId "2160767911485023"]
[EventDate "2001.10.20"]
[EventType "swiss"]
[EventRounds "5"]
[EventCountry "CAN"]
[SourceTitle "EXT 2022"]
[Source "ChessBase"]
[SourceDate "2021.10.06"]
[SourceVersion "1"]
[SourceVersionDate "2021.10.06"]
[SourceQuality "1"]

1. e4 c5 2. Nf3 d6 3. c3 Nf6 4. Bc4 Nxe4 5. O-O Nc6 6. Re1 Nf6 7. d4 cxd4 8. cxd4 d5 9. Bb3 e6 10. a3 Be7 11. Ne5 O-O 12. Bc2 Qb6 13. Nxc6 bxc6 14. b4 a5 15. bxa5 Rxa5 16. Nc3 Qc7 17. a4 Ba6 18. Bd2 Bc4 19. Rb1 Ra7 20. Qf3 Rb8 21. Bf4 Bd6 22. Be5 Bxe5 23. dxe5 Nd7 24. Rxb8+ Qxb8 25. Qh5 Nf8 26. Rb1 Rb7 27. f4 Rxb1+ 28. Nxb1 Qb2 29. Qd1 Ng6 30. Qd2 Nxf4 31. Bxh7+ Kxh7 32. Qxb2 Nd3 33. Qc2 Kg8 34. Qc3 Nc5 35. Qb4 Nd3 36. Qd6 c5 37. Nd2 Ba2 38. a5 c4 39. Qa3 Bb3 40. Nxb3 cxb3 41. Qxb3 Nc5 42. Qb5 Ne4 43. Qe8+ Kh7 44. Qxf7 Ng5 45. Qh5+ 1-0

[Event "Harvest"]
[Site "Kelowna CAN"]
[Date "2001.10.20"]
[Round "3"]
[White "Hanna, Josh"]
[Black "Kindret, Mike"]
[Result "1/2-1/2"]
[WhiteElo "1622"]
[BlackElo "1741"]
[PlyCount "99"]
[GameId "2160767911485024"]
[EventDate "2001.10.20"]
[EventType "swiss"]
[EventRounds "5"]
[EventCountry "CAN"]
[SourceTitle "EXT 2022"]
[Source "ChessBase"]
[SourceDate "2021.10.06"]
[SourceVersion "1"]
[SourceVersionDate "2021.10.06"]
[SourceQuality "1"]

1. d4 Nf6 2. c4 e5 3. dxe5 Ng4 4. Bf4 Nc6 5. Nf3 Bb4+ 6. Nc3 Bxc3+ 7. bxc3 Qe7 8. Qd5 f6 9. exf6 Nxf6 10. Qd3 d6 11. e3 O-O 12. Be2 Ne4 13. O-O Kh8 14. Rab1 Bf5 15. Rxb7 Nc5 16. Qd5 Be4 17. Rxc7 Bxd5 18. Rxe7 Bxf3 19. Bxf3 Nxe7 20. Bxa8 Rxa8 21. Bxd6 Ne4 22. Bxe7 Nxc3 23. a3 Kg8 24. Re1 Kf7 25. Bb4 Ne4 26. Rd1 Nf6 27. f3 Rc8 28. c5 a5 29. Bxa5 Rxc5 30. Bb4 Rc2 31. a4 Ra2 32. a5 Ke8 33. Bc3 Ra3 34. Bb4 Ra2 35. h3 Nd7 36. Kh2 Ne5 37. Rd6 Nxf3+ 38. Kg3 Ng5 39. Rd4 Ne6 40. Rd6 Ng5 41. Kf4 Rxg2 42. h4 Nh3+ 43. Kf3 Ra2 44. a6 g5 45. hxg5 Nxg5+ 46. Kf4 Nh3+ 47. Ke5 Ng5 48. Kd5 h5 49. Kc6 Rxa6+ 50. Kd5 1/2-1/2

[Event "Harvest"]
[Site "Kelowna CAN"]
[Date "2001.10.20"]
[Round "3"]
[White "Labik, Peter"]
[Black "Whitman, Alan"]
[Result "1/2-1/2"]
[WhiteElo "1791"]
[BlackElo "1714"]
[PlyCount "95"]
[GameId "2160767911485025"]
[EventDate "2001.10.20"]
[EventType "swiss"]
[EventRounds "5"]
[EventCountry "CAN"]
[SourceTitle "EXT 2022"]
[Source "ChessBase"]
[SourceDate "2021.10.06"]
[SourceVersion "1"]
[SourceVersionDate "2021.10.06"]
[SourceQuality "1"]

1. e4 e6 2. d4 d5 3. exd5 exd5 4. Nf3 Nf6 5. Bd3 Bd6 6. O-O O-O 7. Bg5 h6 8. Bh4 Re8 9. Nbd2 Bg4 10. h3 Bh5 11. c3 c6 12. Qb3 b6 13. Rae1 Nbd7 14. Rxe8+ Qxe8 15. Re1 Qc8 16. Ne5 Qc7 17. Ndf3 Re8 18. Nxd7 Rxe1+ 19. Nxe1 Nxd7 20. f3 Bg3 21. Bxg3 Qxg3 22. Qd1 f6 23. Bf5 Nf8 24. Qe2 Qd6 25. Nd3 Bg6 26. Bxg6 Nxg6 27. Qe3 Kf7 28. Kf2 a5 29. g3 h5 30. f4 Ne7 31. a3 Qe6 32. Qxe6+ Kxe6 33. g4 hxg4 34. hxg4 g6 35. Kf3 a4 36. Ke3 Kd6 37. g5 f5 38. Ne5 b5 39. Kd3 Kc7 40. Ke2 Kb6 41. b3 Kc7 42. bxa4 bxa4 43. Kd3 Kb6 44. c4 Ka6 45. Kc3 Ka5 46. Nd3 Nc8 47. cxd5 Ne7 48. Nb4 1/2-1/2

[Event "Harvest"]
[Site "Kelowna CAN"]
[Date "2001.10.20"]
[Round "3"]
[White "Moore, David"]
[Black "Demers, Matthew"]
[Result "1-0"]
[WhiteElo "1909"]
[BlackElo "1619"]
[PlyCount "40"]
[GameId "2160767911485026"]
[EventDate "2001.10.20"]
[EventType "swiss"]
[EventRounds "5"]
[EventCountry "CAN"]
[SourceTitle "EXT 2022"]
[Source "ChessBase"]
[SourceDate "2021.10.06"]
[SourceVersion "1"]
[SourceVersionDate "2021.10.06"]
[SourceQuality "1"]

1. e4 e5 2. Nf3 Nc6 3. Bb5 Nf6 4. O-O Nxe4 5. Re1 Nf6 6. d4 e4 7. Bg5 d5 8. c4 Be7 9. Bxf6 gxf6 10. cxd5 Qxd5 11. Nc3 Qh5 12. Bxc6+ bxc6 13. Nxe4 Be6 14. Qa4 O-O-O 15. Qxa7 Bd5 16. Ng3 Qxf3 17. gxf3 Bd6 18. Re3 Rhg8 19. Rae1 f5 20. Re7 f4 1-0

[Event "Harvest"]
[Site "Kelowna CAN"]
[Date "2001.10.20"]
[Round "3"]
[White "Phonchiangkwong, Sumon Chai"]
[Black "Labik, Peter"]
[Result "1-0"]
[WhiteElo "1462"]
[BlackElo "1791"]
[PlyCount "35"]
[GameId "2160767911485027"]
[EventDate "2001.10.20"]
[EventType "swiss"]
[EventRounds "5"]
[EventCountry "CAN"]
[SourceTitle "EXT 2022"]
[Source "ChessBase"]
[SourceDate "2021.10.06"]
[SourceVersion "1"]
[SourceVersionDate "2021.10.06"]
[SourceQuality "1"]

1. e4 e6 2. Nc3 c5 3. f4 Ne7 4. Nf3 Nbc6 5. d3 g6 6. Be3 b6 7. Be2 Bg7 8. O-O O-O 9. d4 cxd4 10. Nxd4 Bb7 11. Nxc6 dxc6 12. e5 a6 13. Bf3 f6 14. exf6 Bxf6 15. Ne4 Rb8 16. c3 Nd5 17. Nxf6+ Rxf6 18. Qb3 1-0

[Event "Harvest"]
[Site "Kelowna CAN"]
[Date "2001.10.21"]
[Round "4"]
[White "Barabana, Parish"]
[Black "Neufeld, John"]
[Result "1-0"]
[WhiteElo "1516"]
[BlackElo "1905"]
[PlyCount "97"]
[GameId "2160767911485028"]
[EventDate "2001.10.20"]
[EventType "swiss"]
[EventRounds "5"]
[EventCountry "CAN"]
[SourceTitle "EXT 2022"]
[Source "ChessBase"]
[SourceDate "2021.10.06"]
[SourceVersion "1"]
[SourceVersionDate "2021.10.06"]
[SourceQuality "1"]

1. d4 Nf6 2. Nf3 g6 3. c4 Bg7 4. Nc3 O-O 5. e4 d6 6. Be2 e5 7. O-O Nc6 8. d5 Ne7 9. b4 Ne8 10. Nd2 f5 11. Bf3 f4 12. a4 g5 13. Bg4 Ng6 14. Bxc8 Rxc8 15. Ba3 Nf6 16. g3 Qd7 17. Kg2 g4 18. c5 f3+ 19. Kh1 Ne8 20. Nc4 Rf6 21. b5 Qf7 22. Ne3 h5 23. Qd2 Bh6 24. Rfc1 h4 25. Qd3 Bxe3 26. Qxe3 hxg3 27. fxg3 Qh7 28. Ra2 Ng7 29. Qg5 Rcf8 30. Qxg4 Qh6 31. Rf1 Qe3 32. Nd1 Qd3 33. Kg1 Qb3 34. Ra1 Qxa4 35. b6 axb6 36. cxd6 cxd6 37. Nf2 Qd4 38. Rfc1 b5 39. Rab1 Qe3 40. h4 Qxa3 41. h5 Ne7 42. Rc7 Qa2 43. Rbc1 Qb2 44. Qg5 Kf7 45. h6 Ne8 46. Qh5+ Rg6 47. Qf5+ Kg8 48. h7+ Kxh7 49. Rxe7+ 1-0

[Event "Harvest"]
[Site "Kelowna CAN"]
[Date "2001.10.21"]
[Round "4"]
[White "Kindret, Mike"]
[Black "Whitman, Alan"]
[Result "1-0"]
[WhiteElo "1741"]
[BlackElo "1714"]
[PlyCount "95"]
[GameId "2160767911485029"]
[EventDate "2001.10.20"]
[EventType "swiss"]
[EventRounds "5"]
[EventCountry "CAN"]
[SourceTitle "EXT 2022"]
[Source "ChessBase"]
[SourceDate "2021.10.06"]
[SourceVersion "1"]
[SourceVersionDate "2021.10.06"]
[SourceQuality "1"]

1. e4 e6 2. d4 d5 3. Nc3 Nf6 4. Bg5 Be7 5. e5 Nfd7 6. Bxe7 Qxe7 7. Nb5 Qd8 8. f4 a6 9. Na3 O-O 10. Qh5 f5 11. Bd3 Qe8 12. Qh3 Nc6 13. c3 Ne7 14. O-O-O c5 15. Nf3 cxd4 16. cxd4 Ng6 17. g3 Nb6 18. Kb1 Bd7 19. Nh4 Rc8 20. Nxg6 Qxg6 21. Rhg1 Rc7 22. g4 Qf7 23. gxf5 exf5 24. Rg2 Rfc8 25. Rdg1 g6 26. Qh6 Be6 27. h4 Qg7 28. Qg5 Qe7 29. Qxe7 Rxe7 30. h5 Rg7 31. hxg6 hxg6 32. Rxg6 Rxg6 33. Rxg6+ Kf7 34. Rf6+ Ke7 35. Bxf5 Bxf5+ 36. Rxf5 Rf8 37. Rxf8 Kxf8 38. b3 Kg7 39. f5 Nc8 40. f6+ Kg6 41. Kc2 Na7 42. Kd3 Nc6 43. Nc2 Kf7 44. a3 Ke6 45. Ne3 Nd8 46. Ng2 Kd7 47. Nf4 Kc6 48. Ke3 1-0

[Event "Harvest"]
[Site "Kelowna CAN"]
[Date "2001.10.21"]
[Round "4"]
[White "Labik, Peter"]
[Black "Hanna, Josh"]
[Result "0-1"]
[WhiteElo "1791"]
[BlackElo "1622"]
[PlyCount "42"]
[GameId "2160767911485030"]
[EventDate "2001.10.20"]
[EventType "swiss"]
[EventRounds "5"]
[EventCountry "CAN"]
[SourceTitle "EXT 2022"]
[Source "ChessBase"]
[SourceDate "2021.10.06"]
[SourceVersion "1"]
[SourceVersionDate "2021.10.06"]
[SourceQuality "1"]

1. e4 e5 2. Nf3 Nf6 3. Nc3 d6 4. Bc4 Bg4 5. h3 Bh5 6. O-O Nc6 7. Be2 Qd7 8. d4 exd4 9. Nxd4 Nxd4 10. Bxh5 Nxc2 11. Bxf7+ Qxf7 12. Qxc2 Be7 13. Nb5 Bd8 14. Be3 a6 15. Nd4 O-O 16. Nf5 Re8 17. f3 d5 18. exd5 Nxd5 19. Bh6 Qg6 20. Bxg7 Bf6 21. Nh6+ Kxg7 0-1

[Event "Harvest"]
[Site "Kelowna CAN"]
[Date "2001.10.21"]
[Round "4"]
[White "Phonchiangkwong, Sumon Chai"]
[Black "Moore, David"]
[Result "1-0"]
[WhiteElo "1462"]
[BlackElo "1909"]
[PlyCount "78"]
[GameId "2160767911485031"]
[EventDate "2001.10.20"]
[EventType "swiss"]
[EventRounds "5"]
[EventCountry "CAN"]
[SourceTitle "EXT 2022"]
[Source "ChessBase"]
[SourceDate "2021.10.06"]
[SourceVersion "1"]
[SourceVersionDate "2021.10.06"]
[SourceQuality "1"]

1. e4 c5 2. Nc3 Nc6 3. f4 d6 4. Nf3 Bg4 5. Be2 e6 6. d3 g6 7. O-O Bg7 8. Be3 Nge7 9. h3 Bxf3 10. Bxf3 Nd4 11. Rb1 Nec6 12. Ne2 O-O 13. c3 Nxf3+ 14. Rxf3 b5 15. Qd2 Rb8 16. Rbf1 b4 17. c4 a5 18. b3 a4 19. R3f2 axb3 20. axb3 Ra8 21. f5 Ra1 22. Rxa1 Bxa1 23. Bh6 Re8 24. fxg6 hxg6 25. Qf4 Qd7 26. Ng3 Be5 27. Qg4 Bg7 28. Nh5 Ne5 29. Qg5 f6 30. Nxf6+ Bxf6 31. Rxf6 Qh7 32. Rxe6 Qd7 33. Rxe8+ Qxe8 34. Qf6 Qd7 35. h4 Kh7 36. Bf8 Nxd3 37. Bxd6 Nc1 38. Be5 Ne2+ 39. Kf2 g5 1-0

[Event "Harvest"]
[Site "Kelowna CAN"]
[Date "2001.10.21"]
[Round "4"]
[White "Poitras, Luc"]
[Black "Veszely, Frank"]
[Result "0-1"]
[WhiteElo "2216"]
[BlackElo "1925"]
[PlyCount "57"]
[GameId "2160767911485032"]
[EventDate "2001.10.20"]
[EventType "swiss"]
[EventRounds "5"]
[EventCountry "CAN"]
[SourceTitle "EXT 2022"]
[Source "ChessBase"]
[SourceDate "2021.10.06"]
[SourceVersion "1"]
[SourceVersionDate "2021.10.06"]
[SourceQuality "1"]

1. e4 e6 2. d4 d5 3. Nc3 Nf6 4. Bg5 Be7 5. e5 Nfd7 6. h4 a6 7. Qg4 h5 8. Qg3 g6 9. O-O-O c5 10. dxc5 Nc6 11. f4 Nxc5 12. Nf3 b5 13. Bxe7 Nxe7 14. Ng5 b4 15. Nce4 Nxe4 16. Nxe4 Nf5 17. Qf2 Qc7 18. Nf6+ Kf8 19. Kb1 Ne7 20. Bd3 Ng8 21. Nxg8 Kxg8 22. g4 hxg4 23. Rdg1 Bd7 24. Rxg4 Bb5 25. Bxg6 fxg6 26. Rxg6+ Kf7 27. f5 Qxe5 28. Rxe6 Bd7 29. Rxe5 0-1

[Event "Harvest"]
[Site "Kelowna CAN"]
[Date "2001.10.21"]
[Round "4"]
[White "Rasmussen, Marshall"]
[Black "Demers, Darwin"]
[Result "0-1"]
[WhiteElo "769"]
[BlackElo "1596"]
[PlyCount "26"]
[GameId "2160767911485033"]
[EventDate "2001.10.20"]
[EventType "swiss"]
[EventRounds "5"]
[EventCountry "CAN"]
[SourceTitle "EXT 2022"]
[Source "ChessBase"]
[SourceDate "2021.10.06"]
[SourceVersion "1"]
[SourceVersionDate "2021.10.06"]
[SourceQuality "1"]

1. e4 e5 2. Bc4 Nc6 3. Nf3 Nf6 4. Ng5 d5 5. exd5 Nxd5 6. d3 h6 7. Ne4 Be6 8. O-O Be7 9. d4 Nxd4 10. Be3 Nxe3 11. fxe3 Bxc4 12. Rf2 Ne2+ 13. Rxe2 Qxd1+ 0-1

[Event "Harvest"]
[Site "Kelowna CAN"]
[Date "2001.10.21"]
[Round "4"]
[White "Veszely, Frank"]
[Black "Monteith, Donald"]
[Result "1-0"]
[WhiteElo "1925"]
[BlackElo "1764"]
[PlyCount "55"]
[GameId "2160767911485034"]
[EventDate "2001.10.20"]
[EventType "swiss"]
[EventRounds "5"]
[EventCountry "CAN"]
[SourceTitle "EXT 2022"]
[Source "ChessBase"]
[SourceDate "2021.10.06"]
[SourceVersion "1"]
[SourceVersionDate "2021.10.06"]
[SourceQuality "1"]

1. e4 c6 2. d4 d5 3. e5 Bf5 4. Nc3 e6 5. Bd3 Bxd3 6. Qxd3 Nd7 7. f4 c5 8. Be3 c4 9. Qd1 Bb4 10. Bd2 a6 11. Nf3 Ne7 12. O-O Bxc3 13. Bxc3 Nc6 14. Kh1 O-O 15. Bd2 f5 16. c3 b5 17. Qe2 Nb6 18. g4 a5 19. Qg2 Qe7 20. Rg1 b4 21. Ng5 Ra7 22. Raf1 h6 23. Nf3 bxc3 24. bxc3 a4 25. Qh3 Kf7 26. gxf5 exf5 27. Qxf5+ Ke8 28. Qg6+ 1-0

[Event "Harvest"]
[Site "Kelowna CAN"]
[Date "2001.10.21"]
[Round "5"]
[White "Hanna, Josh"]
[Black "Steinke, Wally"]
[Result "1/2-1/2"]
[WhiteElo "1622"]
[BlackElo "1669"]
[PlyCount "54"]
[GameId "2160767911485035"]
[EventDate "2001.10.20"]
[EventType "swiss"]
[EventRounds "5"]
[EventCountry "CAN"]
[SourceTitle "EXT 2022"]
[Source "ChessBase"]
[SourceDate "2021.10.06"]
[SourceVersion "1"]
[SourceVersionDate "2021.10.06"]
[SourceQuality "1"]

1. e4 c5 2. Nf3 Nc6 3. d4 cxd4 4. Nxd4 g6 5. Nxc6 bxc6 6. Qd4 f6 7. Bd3 e5 8. Qe3 Bh6 9. Qe2 Bxc1 10. Nd2 Bxb2 11. Rb1 Bc3 12. O-O Bxd2 13. Qxd2 Qc7 14. f4 Ne7 15. Rf3 d6 16. fxe5 dxe5 17. Rxf6 Bd7 18. Qh6 Rb8 19. Rbf1 Qb6+ 20. Kh1 Kd8 21. Bc4 Kc7 22. Qg7 Qd4 23. Qxe7 Qxc4 24. Qd6+ Kc8 25. Rd1 Rd8 26. Rf8 Rb7 27. Rxd8+ Kxd8 1/2-1/2

[Event "Harvest"]
[Site "Kelowna CAN"]
[Date "2001.10.21"]
[Round "5"]
[White "Poitras, Luc"]
[Black "Phonchiangkwong, Sumon Chai"]
[Result "1-0"]
[WhiteElo "2216"]
[BlackElo "1462"]
[PlyCount "66"]
[GameId "2160767911485036"]
[EventDate "2001.10.20"]
[EventType "swiss"]
[EventRounds "5"]
[EventCountry "CAN"]
[SourceTitle "EXT 2022"]
[Source "ChessBase"]
[SourceDate "2021.10.06"]
[SourceVersion "1"]
[SourceVersionDate "2021.10.06"]
[SourceQuality "1"]

1. e4 e5 2. Nf3 Nc6 3. Bb5 d6 4. O-O Nf6 5. Re1 Bg4 6. c3 Be7 7. h3 Bh5 8. d4 O-O 9. Bxc6 bxc6 10. dxe5 Bxf3 11. Qxf3 dxe5 12. Nd2 h6 13. Nc4 Bd6 14. Na5 Qd7 15. Bxh6 Ne8 16. Be3 c5 17. Nc4 Qb5 18. b3 a5 19. Nb2 a4 20. c4 Qb7 21. Nxa4 Nf6 22. Bxc5 Rxa4 23. Bxd6 cxd6 24. bxa4 Qb4 25. Qb3 Qd2 26. Rad1 Qf4 27. Qf3 Qg5 28. Rxd6 Ra8 29. c5 Rxa4 30. c6 Ne8 31. Rd7 Qg6 32. c7 Rc4 33. Rd8 Kf8 1-0

[Event "Hommage a Fabien Gagnon"]
[Site "Hull CAN"]
[Date "2001.01.12"]
[Round "2"]
[White "Gagnon, Fabien"]
[Black "Roy, Roger"]
[Result "1-0"]
[WhiteElo "2062"]
[BlackElo "1720"]
[PlyCount "123"]
[GameId "2160767911618894"]
[EventDate "2001.01.05"]
[EventType "swiss"]
[EventRounds "5"]
[EventCountry "CAN"]

1. e4 c6 2. d4 d5 3. Nd2 dxe4 4. Nxe4 Bf5 5. Ng3 Bg6 6. Nf3 Nf6 7. Ne5 Nbd7 8. Nxg6 hxg6 9. Bf4 e6 10. c4 Bb4+ 11. Bd2 Qa5 12. Be2 O-O-O 13. a3 Bxd2+ 14. Qxd2 Qxd2+ 15. Kxd2 Nc5 16. Ke3 Nb3 17. Rad1 Rh4 18. f4 c5 19. dxc5 Rxd1 20. Bxd1 Nxc5 21. b4 Ncd7 22. Ne4 Nxe4 23. Kxe4 Nf6+ 24. Ke3 Kc7 25. h3 Rh8 26. Bf3 Rd8 27. Rd1 Rxd1 28. Bxd1 b6 29. Bf3 Nd7 30. Kd4 Kd6 31. g4 f6 32. Be4 e5+ 33. fxe5+ fxe5+ 34. Ke3 g5 35. Bf5 Nf6 36. Kf3 Kc6 37. h4 gxh4 38. g5 Ne8 39. Kg4 Nd6 40. Bd3 e4 41. Be2 g6 42. Bf1 Nf5 43. Kf4 Kd6 44. Bh3 e3 45. Kf3 Nd4+ 46. Kxe3 Nc2+ 47. Kf4 Nxa3 48. Bf1 a5 49. bxa5 bxa5 50. Bd3 a4 51. c5+ Kxc5 52. Bxg6 Kd6 53. Bd3 h3 54. Kg3 Ke5 55. Kxh3 Nb5 56. Bxb5 a3 57. Bc4 Kf5 58. Kh4 Kg6 59. Kg4 Kh7 60. Kf5 Kg7 61. Ba2 Kh8 62. Kf6 1-0

[Event "Hommage a Fabien Gagnon"]
[Site "Hull CAN"]
[Date "2001.01.26"]
[Round "4"]
[White "Danis, Jacques"]
[Black "Gagnon, Fabien"]
[Result "0-1"]
[WhiteElo "1752"]
[BlackElo "2062"]
[PlyCount "70"]
[GameId "2160767911618895"]
[EventDate "2001.01.05"]
[EventType "swiss"]
[EventRounds "5"]
[EventCountry "CAN"]

1. e4 e6 2. d4 d5 3. e5 c5 4. c3 Qb6 5. Nf3 Bd7 6. Be2 Bb5 7. O-O Nc6 8. Be3 Nh6 9. dxc5 Bxc5 10. Bxc5 Qxc5 11. Na3 Bxe2 12. Qxe2 a6 13. Rac1 b5 14. Nc2 O-O 15. Ncd4 Rfc8 16. b4 Nxd4 17. Nxd4 Qc4 18. Qd2 Qc7 19. Rfe1 Qe7 20. f4 g6 21. Re3 Nf5 22. Nxf5 gxf5 23. a3 Rc4 24. Rd3 Rac8 25. Qe3 Qh4 26. Rd4 Qd8 27. Rxc4 Rxc4 28. g3 Qc7 29. Qd3 d4 30. Kf1 Qc6 31. Rc2 Qh1+ 32. Ke2 Qxh2+ 33. Kd1 Qg1+ 34. Kd2 dxc3+ 35. Rxc3 Rd4 0-1

[Event "Hommage aux benevoles"]
[Site "Gatineau CAN"]
[Date "2001.11.20"]
[Round "1"]
[White "Groleau, Gilles"]
[Black "Brousseau, Yvan"]
[Result "0-1"]
[WhiteElo "2134"]
[BlackElo "1764"]
[PlyCount "76"]
[GameId "2160767911484864"]
[EventDate "2001.11.20"]
[EventType "tourn"]
[EventRounds "5"]
[EventCountry "CAN"]
[SourceTitle "EXT 2022"]
[Source "ChessBase"]
[SourceDate "2021.10.06"]
[SourceVersion "1"]
[SourceVersionDate "2021.10.06"]
[SourceQuality "1"]

1. e4 e5 2. Nf3 Nc6 3. Bb5 d6 4. O-O Nf6 5. Nc3 a6 6. Bxc6+ bxc6 7. d4 exd4 8. Nxd4 c5 9. Nf5 Bxf5 10. exf5 Be7 11. Re1 O-O 12. Qe2 Re8 13. Bg5 Qd7 14. Qf3 h6 15. Bh4 Rab8 16. b3 Rb4 17. Bg3 Bd8 18. h3 Rd4 19. Rxe8+ Qxe8 20. Qa8 Nh5 21. Bh2 Rd2 22. Nd5 Qd7 23. Ne3 Kh7 24. Qxa6 Bf6 25. Rf1 Bd4 26. g4 Nf6 27. c4 Ne4 28. Nd1 Ng5 29. Kg2 Qe8 30. Qb7 c6 31. Bxd6 Qe4+ 32. Kh2 Be5+ 33. Bxe5 Qxe5+ 34. Kg1 Nf3+ 35. Kg2 Qh2+ 36. Kxf3 Qxh3+ 37. Kf4 Rd4+ 38. Ke5 Qh2+ 0-1

[Event "Hommage aux benevoles"]
[Site "Gatineau CAN"]
[Date "2001.11.20"]
[Round "1"]
[White "Laurin, Jacques"]
[Black "Gagnon, Fabien"]
[Result "1-0"]
[WhiteElo "1856"]
[BlackElo "2132"]
[PlyCount "107"]
[GameId "2160767911484865"]
[EventDate "2001.11.20"]
[EventType "tourn"]
[EventRounds "5"]
[EventCountry "CAN"]
[SourceTitle "EXT 2022"]
[Source "ChessBase"]
[SourceDate "2021.10.06"]
[SourceVersion "1"]
[SourceVersionDate "2021.10.06"]
[SourceQuality "1"]

1. c4 Nf6 2. Nc3 e6 3. g3 d5 4. cxd5 exd5 5. Bg2 Be7 6. d3 O-O 7. Qb3 c6 8. Bd2 Nbd7 9. Nf3 Re8 10. O-O Bf8 11. d4 Bd6 12. Ng5 h6 13. Nh3 Nb6 14. Qc2 Nc4 15. Bc1 Bc7 16. b3 Nd6 17. Nf4 Nde4 18. Na4 Qe7 19. f3 Ng5 20. Nc3 Bxf4 21. gxf4 Nh3+ 22. Kh1 Nh5 23. e3 Qf6 24. Ne2 Qh4 25. Bxh3 Bxh3 26. Bd2 Bxf1 27. Rxf1 Qh3 28. Rf2 Re7 29. e4 dxe4 30. fxe4 Rae8 31. e5 f6 32. Bb4 Rd7 33. Qg6 Red8 34. e6 Qxe6 35. Qxh5 b6 36. Rg2 c5 37. Bd2 cxd4 38. Ng3 Rd5 39. f5 Qe7 40. Qg6 Qf7 41. Qg4 Kh8 42. Nh5 R8d7 43. Nf4 Rc5 44. Ne6 Rc2 45. Qf4 Rb7 46. Qxd4 Rd7 47. Qf4 Rc8 48. Rxg7 Qxg7 49. Nxg7 Rxg7 50. Qxh6+ Kg8 51. Qxf6 Rc2 52. Qd8+ Kh7 53. f6 Rg8 54. Qd3+ 1-0

[Event "Hommage aux benevoles"]
[Site "Gatineau CAN"]
[Date "2001.11.20"]
[Round "1"]
[White "Marghetis, Aris"]
[Black "Arsenault, Michel"]
[Result "0-1"]
[WhiteElo "1849"]
[BlackElo "2137"]
[PlyCount "61"]
[GameId "2160767911484866"]
[EventDate "2001.11.20"]
[EventType "tourn"]
[EventRounds "5"]
[EventCountry "CAN"]
[SourceTitle "EXT 2022"]
[Source "ChessBase"]
[SourceDate "2021.10.06"]
[SourceVersion "1"]
[SourceVersionDate "2021.10.06"]
[SourceQuality "1"]

1. e4 c5 2. Nc3 Nc6 3. g3 g6 4. Bg2 Bg7 5. d3 d6 6. f4 e6 7. Nf3 Nge7 8. O-O O-O 9. Be3 Rb8 10. e5 b6 11. exd6 Qxd6 12. Ne4 Qd7 13. Ne5 Qc7 14. c3 Nxe5 15. fxe5 Nf5 16. Bf4 Bxe5 17. Qd2 Bxf4 18. Rxf4 Bb7 19. Nf6+ Kg7 20. Rxf5 exf5 21. Nh5+ Kh8 22. Nf6 Qe7 23. Qg5 Bxg2 24. Kxg2 Rg8 25. Qh4 Qe2+ 26. Kh3 Rg7 27. Qf4 Rc8 28. Rf1 Qe6 29. Qg5 Rc6 30. Nxh7 Rxh7+ 31. Kg2 0-1

[Event "Hommage aux benevoles"]
[Site "Gatineau CAN"]
[Date "2001.11.27"]
[Round "2"]
[White "Brousseau, Yvan"]
[Black "Arsenault, Michel"]
[Result "1-0"]
[WhiteElo "1764"]
[BlackElo "2137"]
[PlyCount "119"]
[GameId "2160767911484867"]
[EventDate "2001.11.20"]
[EventType "tourn"]
[EventRounds "5"]
[EventCountry "CAN"]
[SourceTitle "EXT 2022"]
[Source "ChessBase"]
[SourceDate "2021.10.06"]
[SourceVersion "1"]
[SourceVersionDate "2021.10.06"]
[SourceQuality "1"]

1. d4 Nf6 2. c4 e6 3. Nc3 Bb4 4. Bd2 d5 5. e3 O-O 6. Nf3 c5 7. a3 cxd4 8. axb4 dxc3 9. Bxc3 Qe7 10. Bd3 Nbd7 11. O-O e5 12. Be2 dxc4 13. Bxc4 h6 14. Qc2 e4 15. Nd2 b6 16. Be2 Bb7 17. Nc4 Bd5 18. Rfd1 Rfc8 19. Rd4 Qe6 20. Nd2 Rc7 21. Nf1 Ne5 22. Ng3 Nc6 23. Rd2 Ne5 24. Rd4 Rac8 25. Ba6 Re8 26. Be2 Nc6 27. Rd2 Nxb4 28. Qa4 Nc6 29. Bxf6 gxf6 30. h3 f5 31. Nh5 Rd8 32. Rad1 Ne7 33. Qd4 Qg6 34. Nf6+ Kf8 35. Nxd5 Nxd5 36. Qh8+ Qg8 37. Qxh6+ Qg7 38. Qxg7+ Kxg7 39. Rxd5 Rxd5 40. Rxd5 Rc2 41. Ba6 Rxb2 42. Rxf5 Rb1+ 43. Kh2 Ra1 44. Bc4 Ra4 45. Rxf7+ Kg6 46. Rc7 Rb4 47. Ba6 Rb2 48. Kg3 b5 49. Rb7 b4 50. Bc4 a5 51. Ra7 Rc2 52. Bd5 Rc5 53. Bxe4+ Kf6 54. Kf3 b3 55. Bd3 Rc3 56. Ra6+ Ke7 57. Ke2 b2 58. Bg6 Ra3 59. Rb6 Ra2 60. Bb1 1-0

[Event "Hommage aux benevoles"]
[Site "Gatineau CAN"]
[Date "2001.11.27"]
[Round "2"]
[White "Gagnon, Fabien"]
[Black "Marghetis, Aris"]
[Result "1-0"]
[WhiteElo "2132"]
[BlackElo "1849"]
[PlyCount "57"]
[GameId "2160767911484868"]
[EventDate "2001.11.20"]
[EventType "tourn"]
[EventRounds "5"]
[EventCountry "CAN"]
[SourceTitle "EXT 2022"]
[Source "ChessBase"]
[SourceDate "2021.10.06"]
[SourceVersion "1"]
[SourceVersionDate "2021.10.06"]
[SourceQuality "1"]

1. e4 Nf6 2. e5 Nd5 3. d4 d6 4. Nf3 g6 5. Bc4 c6 6. O-O dxe5 7. dxe5 Bg7 8. h3 O-O 9. Qe2 Be6 10. Ng5 Nd7 11. f4 b5 12. Bb3 Qb6+ 13. Kh1 Nc5 14. Nxe6 fxe6 15. c4 Nxb3 16. axb3 Nb4 17. Be3 c5 18. Nc3 a6 19. Ne4 Rac8 20. Rad1 Rc7 21. Qf2 Rfc8 22. Rd2 a5 23. Rfd1 Na6 24. Qh4 h6 25. Nf2 Kf7 26. Ng4 Rh8 27. Rd7 Bf8 28. Qf6+ Kg8 29. Qxg6+ 1-0